Every Cyclist's Guide to Canadian Law

Detalles Bibliográficos
Autor principal: Waters, Christopher
Formato: eBook
Lenguaje:inglés
Publicado: Toronto: Irwin Law Inc., 2022
Edición:Segunda edicin̤
Colección:Irwin Books
Materias:
Acceso en línea:Acceso restringido

MARC

LEADER 00000nam a22000007a 4500
005 20220601195136.0
007 cr|||| ||||
008 220601s2022 ca |||||s|||| 00||0 eng d
020 |a 9781552216460 
035 |a 36602 
040 |a vLex 
090 |c 13395  |d 13395 
100 1 |a Waters, Christopher 
245 1 0 |a Every Cyclist's Guide to Canadian Law  |h [Recurso electrn̤ico] /  |c Christopher Waters 
250 |a Segunda edicin̤ 
256 |a Servicio en ln̕ea 
260 |a Toronto:  |b Irwin Law Inc.,  |c 2022 
300 |a 1 recurso electrn̤ico 
490 0 |a Irwin Books 
500 |a More Canadians are riding bicycles than ever before, but misinformation about cycling and the law is common. Whether you are a cycling commuter, the parent of a child with their first two-wheeler, a recreational rider, or a racer, the chances are you will need this book. In this second edition of Every Cyclist’s Guide to Canadian Law, Christopher Waters, a law professor and cycling advocate, provides a comprehensive overview of the Canadian law on bicycles. The book covers rules of the road, purchasing and using bikes, what to do in the case of a crash or a stolen bike, starting up your own cycling club, racing your bike, and much more. Accessibly written and occasionally humorous, this book is written for those with little or no legal background. Using straightforward and jargon-free explanations, the author includes anecdotes and examples drawn from his own experience as a seasoned commuter and recreational cyclist. Every Cyclist’s Guide to Canadian Law, 2e will also provide an authoritative reference for lawyers, advocates, club directors, and coaches. A portion of the proceeds from this book will go to the  Share the Road Cycling Coalition. 
650 0 4 |a Transportes  |z Canad̀ 
650 0 4 |a Ciclismo  |x Derecho y legislacin̤  |z Canad̀ 
650 0 4 |a Ciclismo  |z Canad̀ 
740 0 |a vLex Libros (Servicio en ln̕ea) 
856 4 0 |u https://app.vlex.com/#/sources/36602  |z Acceso restringido 
942 |c BOOK 
999 0 |a Transportation 
999 0 |a Cycling --Law and legislation